| 000 | 00643nam a22002177a 4500 | ||
|---|---|---|---|
| 003 | DEla salle | ||
| 005 | 20140310182946.0 | ||
| 008 | 130205t xxu||||| |||| 00| 0 eng d | ||
| 020 | _a7770201136 | ||
| 050 |
_aLB2331 _b.F843 2007 |
||
| 082 |
_aFIL 910.25 _bP54 2007 |
||
| 245 |
_aPAASCU 2007 directory _bPhilippine Accrediting Association of Schools, Colleges and Universities _cFrasure, Maribel |
||
| 260 |
_aQuezon City _bPhoenix Pub. House _cc2007 |
||
| 300 |
_a[290] : ill. _c23 cm. |
||
| 521 | _acollege students | ||
| 526 | _c1210L-1700L | ||
| 541 | _j1 | ||
| 541 | _j2 | ||
| 562 | _e2 | ||
| 942 |
_2lcc _cBK _kFIL |
||
| 999 |
_c17810 _d17810 |
||